Jxdn Charting Songs (Billboard Hot Rock) - Statistics

General Stats
  • This quiz has been taken 100 times
    59 since last reset
  • The average score is 6 of 9
Answer Stats
Album Weeks On Peak Artist(s) Song % Correct
Non-Album Single 21 Weeks #11 Nessa Barrett ft. jxdn La Di Die
89%
Tell Me About Tomorrow 2 Weeks #25 Jxdn ft. Machine Gun Kelly Wanna Be
89%
Tell Me About Tomorrow 19 Weeks #5 Jxdn Angels & Demons
80%
Tell Me About Tomorrow 1 Week #29 Jxdn ft. iann dior Tonight
80%
Tell Me About Tomorrow 3 Weeks #10 Jxdn So What!
71%
Non-Album Single 15 Weeks #25 Jxdn Comatose
63%
Non-Album Single 1 Week #45 Jxdn Pray
63%
Tell Me About Tomorrow 1 Week #37 Jxdn Better Off Dead
51%
Tell Me About Tomorrow 2 Weeks #31 Jxdn Think About Me
51%
No matching quizzes found
Score Distribution
Percent of People with Each Score
Percentile by Number Answered
Your Score History
You have not taken this quiz since the last reset